000 00475cam a2200181u 4500
001 9548675
005 20160128173616.0
008 830324s1913 xx 000 0 eng
010 _aunk82106400
040 _aDLC
_cCarP
_dDLC
050 0 0 _aPR5363
_b.A86 1913
100 1 _aShaw, Bernard,
_d1856-1950.
245 0 0 _aAndrocles and the lion ...
260 _aLond.,
_c1913.
300 _a1 v.
_bcm.
906 _a0
_bcbc
_cpremunv
_du
_encip
_f19
_gy-gencatlg
942 _2lcc
_cBOOKS
999 _c9435
_d9435